LEADER 00753nam0-22002891i-450- 001 990001796780403321 005 20021010 035 $a000179678 035 $aFED01000179678 035 $a(Aleph)000179678FED01 035 $a000179678 100 $a20021010d--------km-y0itay50------ba 101 0 $aita 200 1 $a<>sfogliatura delle viti$fDonato Zocco. 210 $aMilano$cTip. Eusebiana$d1882. 215 $a7 p.$d23 cm 610 0 $aViticoltura 676 $a634.8 700 1$aZocco,$bDonato$0357010 801 0$aIT$bUNINA$gRICA$2UNIMARC 901 $aBK 912 $a990001796780403321 952 $a60 DONO COMES 1/42$b37992$fFAGBC 959 $aFAGBC 996 $aSfogliatura delle viti$9410792 997 $aUNINA DB $aING01 LEADER 01064nam0-22003851i-450- 001 990001118480403321 005 20060718114231.0 010 $a0-7382-0296-7 035 $a000111848 035 $aFED01000111848 035 $a(Aleph)000111848FED01 035 $a000111848 100 $a20001205d1996----km-y0itay50------ba 101 0 $aeng 102 $aUS 105 $ac-------001yy 200 1 $aFeynman lectures on computation$fRichard P. Feynman$gedited by Tony Hey, Robin W.Allen 205 $aReprinted with corrections in 1999 210 $a[s. l.]$cWestview$d1999 215 $axiv, 303 p.$d24 cm 610 0 $aTeoria dell'informazione 676 $a004.01 700 1$aFeynman,$bRichard Phillips$046772 702 1$aAllen,$bRobin W. 702 1$aHey,$bTony 801 0$aIT$bUNINA$gRICA$2UNIMARC 901 $aBK 912 $a990001118480403321 952 $a8A-056$fFI1 952 $aMAI-68-016$b19958$fMA1 959 $aFI1 959 $aMA1 962 $a68-02 996 $aFeynman lectures on computation$9336740 997 $aUNINA LEADER 01246cam0-22004451i-450- 001 990001031390403321 005 20111025100644.0 035 $a000103139 035 $aFED01000103139 035 $a(Aleph)000103139FED01 035 $a000103139 100 $a20001205d1976----km-y0itay50------ba 101 1 $aeng$crus 102 $aRU 105 $ay-------001yy 200 1 $aOperational methods$fV. P. Maslov$gtranslated from the Russian by V. Golo, N. Kulman, G. Voropaeva 210 $aMoscow$cMir$d1976 215 $a559 p.$d23 cm 300 $aRevisione dell'ed. russa del 1973 610 0 $aAnalisi funzionale 610 0 $aAlgebre astratte 610 0 $aAnalisi numerica$aApprossimazione$aInterpolazione 676 $a517.00 676 $a517.36 676 $a515 700 1$aMaslov,$bViktor Pavlovich$f<1930- >$0352325 702 1$aGolo,$bV. 702 1$aKulman,$bN. 702 1$aVoropaeva,$bG. 801 0$aIT$bUNINA$gRICA$2UNIMARC 901 $aBK 912 $a990001031390403321 952 $a10 B II 257$b11399$fDINEL 952 $a14A-145$b10393$fFI1 952 $aMXIV-B-23$b3080$fMAS 959 $aFI1 959 $aMAS 959 $aDINEL 996 $aOperational methods$9339158 997 $aUNINA LEADER 03158 am 2200889 n 450 001 9910342950903321 005 20191001 010 $a88-99982-80-5 010 $a88-99982-82-1 024 7 $a10.4000/books.aaccademia.4941 035 $a(CKB)4100000009609523 035 $a(FrMaCLE)OB-aaccademia-4941 035 $a(oapen)https://directory.doabooks.org/handle/20.500.12854/52640 035 $a(PPN)24075817X 035 $a(EXLCZ)994100000009609523 100 $a20191021j|||||||| ||| 0 101 0 $aita 135 $auu||||||m|||| 181 $ctxt$2rdacontent 182 $cc$2rdamedia 183 $acr$2rdacarrier 200 13$aLa malattia dell?anima e il romanzo antropologico $eMedicina e pedagogia nella Unsichtbare Loge di Jean Paul e nelle sue fonti /$fElisa Leonzio 210 $aTorino $cAccademia University Press$d2019 215 $a1 online resource (264 p.) 311 $a88-99982-79-1 330 $aElisa Leonzio ripercorre in questo volume il nesso che lega il problema pedagogico, il riferimento antropologico, il tema religioso, allo sviluppo della forma narrativa tardo-settecentesca, concentrandosi su alcuni nodi tematici presenti nella Unsichtbare Loge di Jean Paul, osservato come uno dei migliori esempi di romanzo in cui sia possibile misurare la portata della svolta cruciale dei modi della narrazione in lingua tedesca dell?ultimo trentennio del XVIII secolo, interpretabile come ?messa in questione?, come ?dialettica? dell?Illuminismo. 517 $aLa malattia dell'anima e il romanzo antropologico 606 $aLiterature German Dutch Scandinavian 606 $aromanzo antropologico 606 $aUnsichtbare Loge 606 $aJean Paul 606 $amedicina 606 $apedagogia 606 $aXVIII secolo 606 $alingua tedesca 606 $aroman anthropologique 606 $amédecine 606 $apédagogie 606 $aXVIIIe siècle 606 $alangue allemande 606 $aanthropological novel 606 $amedicine 606 $apedagogy 606 $a18th century 606 $aGerman language 610 $aanthropological novel 610 $a18th century 610 $aJean Paul 610 $apedagogy 610 $amedicine 610 $aUnsichtbare Loge 610 $aGerman language 615 4$aLiterature German Dutch Scandinavian 615 4$aromanzo antropologico 615 4$aUnsichtbare Loge 615 4$aJean Paul 615 4$amedicina 615 4$apedagogia 615 4$aXVIII secolo 615 4$alingua tedesca 615 4$aroman anthropologique 615 4$amédecine 615 4$apédagogie 615 4$aXVIIIe siècle 615 4$alangue allemande 615 4$aanthropological novel 615 4$amedicine 615 4$apedagogy 615 4$a18th century 615 4$aGerman language 700 $aLeonzio$b Elisa$01290045 701 $aSandrin$b Chiara$01290049 801 0$bFR-FrMaCLE 906 $aBOOK 912 $a9910342950903321 996 $aLa malattia dell?anima e il romanzo antropologico$93035851 997 $aUNINA LEADER 01711nam 2200505Ia 450 001 9910711130403321 005 20180711120942.0 024 8 $aGOVPUB-C13-43ac766bdecb07c0be9b845e3cc3c922 035 $a(CKB)5470000002480709 035 $a(OCoLC)957470176 035 $a(OCoLC)995470000002480709 035 $a(EXLCZ)995470000002480709 100 $a20160829d1953 ua 0 101 0 $aeng 181 $ctxt$2rdacontent 182 $cc$2rdamedia 183 $acr$2rdacarrier 200 10$aReview of data on the shrinkage of concrete masonry /$fCyrus C. Fishburn 210 1$aGaithersburg, MD :$cU.S. Dept. of Commerce, National Institute of Standards and Technology,$d1953. 215 $a1 online resource 225 1 $aNBS report ;$v2595 300 $a1953. 300 $aContributed record: Metadata reviewed, not verified. Some fields updated by batch processes. 300 $aTitle from PDF title page. 320 $aIncludes bibliographical references. 606 $aConcrete masonry$xTesting 606 $aExpansion (Heat) 606 $aConcrete masonry$xTesting$2fast 606 $aExpansion (Heat)$2fast 615 0$aConcrete masonry$xTesting. 615 0$aExpansion (Heat) 615 7$aConcrete masonry$xTesting. 615 7$aExpansion (Heat) 700 $aFishburn$b Cyrus Charles$f1892-$01388847 701 $aFishburn$b Cyrus Charles$f1892-$01388847 712 02$aUnited States.$bNational Bureau of Standards. 801 0$bNBS 801 1$bNBS 801 2$bOCLCO 801 2$bOCLCF 801 2$bOCLCQ 906 $aBOOK 912 $a9910711130403321 996 $aReview of data on the shrinkage of concrete masonry$93442963 997 $aUNINA LEADER 03734 am 2201021 n 450 001 9910768386203321 005 20231110144751.0 010 $a979-1-0969-8225-7 024 7 $a10.4000/books.eurorbem.2855 035 $a(PPN)270136665 035 $a(EXLCZ)995590000001038853 100 $a20230419j|||||||| ||| 0 101 0 $afre 135 $auu||||||m|||| 200 10$aJournal, fiction, identité(s) $eModernités littéraires d'Europe centrale (1880-1920) à travers les ?uvres de Géza Csáth, Karol Irzykowski, Ladislav Klíma /$fMateusz Chmurski 210 $aParis $cEur?Orbem Éditions$d2021 215 $a1 online resource (432 p.) 311 $a979-1-0969-8200-4 330 $aQuel rôle la pratique du journal personnel peut-elle jouer dans l?existence de son auteur et comment saisir la circulation de l?autobiographique et du fictionnel dans une ?uvre, dans une vie ? La mise en parallèle de l?écriture de soi dans l??uvre de trois écrivains centre-européens, trois citoyens de l?Autriche-Hongrie du début du XXe siècle, permet d?explorer le labyrinthe de leurs constructions identitaires, une modernité autre : multilingue, entrouverte, étendue entre théorie et pratique du texte. Une analyse convergente du corps du texte et du texte du corps dans les écrits du Polonais Karol Irzykowski (1873-1944), du Tchèque Ladislav Klíma (1878-1928) et du Hongrois Géza Csáth (1887-1919) dévoile la généalogie de leurs premiers gestes d?écriture, intimes, bien souvent survenus en crise, mais poursuivis pendant un moment, ou toute une vie. Les traces du vécu derrière les lignes de l??uvre. 517 $aJournal, fiction, identité 517 $aJournal, fiction, identité 517 $aJournal, fiction, identité 606 $aLiterature (General) 606 $aCzech literature 606 $acorrespondence 606 $adiaristic writing 606 $aPrag 606 $aWarsaw 606 $aidentity 606 $amodernism 606 $aCentral Europe 606 $apsychoanalysis 606 $arealism 606 $aself writing 606 $asubconscious 606 $ajournal intime 606 $aintertextualité 606 $amodernité 606 $aréalisme 606 $amodernisme 606 $aécriture diaristique 606 $asatire 606 $apsychanalyse 606 $aschizophrénie 606 $atexte-corps 606 $aidentité 606 $amémoire 606 $ainconscient 606 $aautobiographisme 606 $acorrespondance 606 $ajournal personnel 606 $apacte autobiographique 615 4$aLiterature (General) 615 4$aCzech literature 615 4$acorrespondence 615 4$adiaristic writing 615 4$aPrag 615 4$aWarsaw 615 4$aidentity 615 4$amodernism 615 4$aCentral Europe 615 4$apsychoanalysis 615 4$arealism 615 4$aself writing 615 4$asubconscious 615 4$ajournal intime 615 4$aintertextualité 615 4$amodernité 615 4$aréalisme 615 4$amodernisme 615 4$aécriture diaristique 615 4$asatire 615 4$apsychanalyse 615 4$aschizophrénie 615 4$atexte-corps 615 4$aidentité 615 4$amémoire 615 4$ainconscient 615 4$aautobiographisme 615 4$acorrespondance 615 4$ajournal personnel 615 4$apacte autobiographique 700 $aChmurski$b Mateusz$01377923 801 0$bFR-FrMaCLE 906 $aBOOK 912 $a9910768386203321 996 $aJournal, fiction, identite´(s)$93415650 997 $aUNINA